000 00568nam a2200229Ia 4500
003 OSt
005 20221005115525.0
006 a|||||r|||| 00| 0
007 ta
008 221004b |||||||| |||| 00| 0 tam d
024 _a52521
037 _cTextual
040 _aCRL
_cCRL
_btam
041 _2tam
_atam
082 _aV212.C, 31K4
100 _aYengar Raghavai Au.
_9627673
245 0 _acheran chengutuvan
260 _c1964
650 _aHISTORY
942 _hV212.C, 31K4
_cTEXL
_2cc
999 _c1035092
_d1035092